| 000 | 00464nam a2200169 a 4500 | ||
|---|---|---|---|
| 005 | 20140310183335.0 | ||
| 008 | 060908s19uu xx 00 eng d | ||
| 020 | _a0875848834 | ||
| 050 |
_aHD 57.7 _b.H387 1998 |
||
| 245 | _aHarvard business review on leadership/. | ||
| 260 |
_aU.S.A : _bHarvard Business Review Paperback, _c1998. |
||
| 300 |
_a238 p.: _bill. ; _c21 cm. |
||
| 521 | _aBSBA | ||
| 650 | _aLeadership. | ||
| 942 |
_cBK _2lcc _kFOR |
||
| 999 |
_c21670 _d21670 |
||